[Event "41st Olympiad Women 2014"]
[Site "Tromso NOR"]
[Date "2014.08.04"]
[Round "3.25"]
[Board "3"]
[White "Alymbay, Kyzy Aizhan"]
[Black "Makropoulou, Marina"]
[Result "1/2-1/2"]
[BlackTitle "WGM"]
[WhiteElo "1859"]
[BlackElo "2218"]
[WhiteTeam "Kyrgyzstan"]
[BlackTeam "Greece"]
[WhiteFideId "13800043"]
[BlackFideId "4200187"]
[EventDate "2014.08.02"]

1. e4 c5 2. Nf3 e6 3. Nc3 a6 4. d4 cxd4 5. Nxd4 Nc6 6. Be2 Qc7 7. O-O Nf6 8. a4
Bb4 9. Nxc6 bxc6 10. Qd4 c5 11. Qd3 Bb7 12. f3 h6 13. Kh1 O-O 14. Na2 Ba5 15. c4
d5 16. exd5 exd5 17. cxd5 Rad8 18. Nc3 Rfe8 19. Qc2 Nxd5 20. Nxd5 Rxd5 21. Ra3
Qe7 22. Re3 Re5 23. Rxe5 Qxe5 24. Bc4 Bc7 25. f4 Qe4 26. Bd3 Qc6 27. b3 Bd8 28.
Ba3 Re3 29. Rg1 Bc7 30. Bc1 Re8 31. Qf2 Qd6 32. Qg3 Qf6 33. Qf2 Qd4 34. Qg3 Qf6
35. Qf2 Qd4 36. Qg3 Qf6 1/2-1/2

[Event "41st Olympiad Women 2014"]
[Site "Tromso NOR"]
[Date "2014.08.04"]
[Round "3.25"]
[Board "4"]
[White "Markantonaki, Haritomeni"]
[Black "Shyngys Kyzy, Aijarkyn"]
[Result "1-0"]
[WhiteTitle "WFM"]
[WhiteElo "2180"]
[BlackElo "1800"]
[WhiteTeam "Greece"]
[BlackTeam "Kyrgyzstan"]
[WhiteFideId "4207050"]
[BlackFideId "13800531"]
[EventDate "2014.08.02"]

1. e4 d6 2. d4 Nf6 3. Nc3 e5 4. Nf3 Nbd7 5. Bc4 Be7 6. O-O O-O 7. a4 a5 8. Re1
exd4 9. Nxd4 Nb6 10. Ba2 Ng4 11. f4 Bh4 12. Rf1 Re8 13. h3 Nf6 14. Qd3 Nbd7 15.
Qc4 Rf8 16. Nf3 Nb6 17. Qd3 Nfd7 18. Nxh4 Qxh4 19. Be3 Nc5 20. Bxc5 dxc5 21. e5
c4 22. Qf3 Bf5 23. Rf2 c6 24. Qe3 Nd5 25. Qd4 Nb4 26. Ne4 Rad8 27. Nd6 Bxc2 28.
Bxc4 Bg6 29. Rd1 Bh5 30. Rdd2 Rd7 31. e6 Rdd8 32. Qe5 fxe6 33. Bxe6+ Kh8 34. f5
Qg5 35. Ne4 Qe3 36. Rxd8 Rxd8 37. f6 Qh6 38. fxg7+ Qxg7 39. Qxh5 Rd1+ 40. Qxd1 1-0

[Event "41st Olympiad Women 2014"]
[Site "Tromso NOR"]
[Date "2014.08.04"]
[Round "3.26"]
[Board "1"]
[White "Baciu, Diana"]
[Black "Madrigal, Ana Daniela"]
[Result "1-0"]
[WhiteTitle "WIM"]
[BlackTitle "WFM"]
[WhiteElo "2294"]
[BlackElo "1986"]
[WhiteTeam "Moldova"]
[BlackTeam "Nicaragua"]
[WhiteFideId "13903284"]
[BlackFideId "6101097"]
[EventDate "2014.08.02"]

1. e4 e5 2. Nf3 Nc6 3. Bc4 Bc5 4. c3 Nf6 5. d3 O-O 6. h3 d6 7. Bb3 a6 8. Nbd2
Ba7 9. Nf1 Ne7 10. Ng3 Ng6 11. O-O Be6 12. d4 Bxb3 13. Qxb3 exd4 14. cxd4 b5 15.
a4 Qe8 16. Bg5 Qe6 17. d5 Qe7 18. Nh5 Ne5 19. Nh4 Ned7 20. Nxg7 Qxe4 21. Ngf5
Kh8 22. Rae1 Qc4 23. Qg3 Rg8 24. Ne7 Ne4 25. Rxe4 Qxe4 26. Nxg8 Rxg8 27. Qc3+
Bd4 28. Qd2 Qxd5 29. Be3 c5 30. axb5 Qe4 31. Bxd4+ cxd4 32. g4 Ne5 33. f3 Qe3+
34. Qxe3 dxe3 35. bxa6 d5 36. Rd1 Rd8 37. a7 e2 38. Re1 Nc6 39. Rxe2 Nxa7 40.
Nf5 Nc6 41. Kf2 Kg8 42. Rc2 Nb4 43. Rc7 Nd3+ 44. Ke3 Nxb2 45. Nh6+ Kf8 46. Rxf7+
Ke8 47. Rxh7 d4+ 48. Ke4 d3 49. Rh8+ Ke7 50. Nf5+ Kd7 51. Rxd8+ Kxd8 52. Ke3 Ke8
53. Nd6+ Kf8 54. Ne4 Kg7 55. Nf2 Nc4+ 56. Kxd3 1-0

[Event "41st Olympiad Women 2014"]
[Site "Tromso NOR"]
[Date "2014.08.04"]
[Round "3.26"]
[Board "2"]
[White "Mendieta, Kathya"]
[Black "Partac, Elena"]
[Result "1-0"]
[WhiteTitle "WFM"]
[BlackTitle "WGM"]
[WhiteElo "1877"]
[BlackElo "2127"]
[WhiteTeam "Nicaragua"]
[BlackTeam "Moldova"]
[WhiteFideId "6101496"]
[BlackFideId "13901001"]
[EventDate "2014.08.02"]

1. e4 c5 2. Nc3 Nc6 3. f4 g6 4. Nf3 Bg7 5. Bb5 Nd4 6. O-O Nxb5 7. Nxb5 d5 8.
exd5 a6 9. Nc3 Nf6 10. d4 Nxd5 11. dxc5 Nxc3 12. Qxd8+ Kxd8 13. bxc3 Bxc3 14.
Rb1 Kc7 15. Rb3 Bf6 16. Bd2 Be6 17. Ba5+ Kc8 18. Rb6 Bd5 19. Ne5 Bxe5 20. fxe5
Bc6 21. Rd1 Re8 22. Rb4 b5 23. cxb6 Kb7 24. Rbd4 Rac8 25. c4 f6 26. e6 Ba4 27.
R1d2 Bc6 28. c5 Bb5 29. Bb4 Kb8 30. Rd7 Bc6 31. R7d4 Bb5 32. Rd7 Bc6 33. Ra7 h5
34. Rxa6 Rcd8 35. Rxd8+ Rxd8 36. Ra7 Rd4 37. a3 Bb7 38. c6 Bxc6 39. Rxe7 Re4 40.
Bd6+ 1-0

[Event "41st Olympiad Women 2014"]
[Site "Tromso NOR"]
[Date "2014.08.04"]
[Round "3.26"]
[Board "3"]
[White "Hincu, Olga"]
[Black "Granados, Maria"]
[Result "1-0"]
[BlackTitle "WIM"]
[WhiteElo "2027"]
[BlackElo "1899"]
[WhiteTeam "Moldova"]
[BlackTeam "Nicaragua"]
[WhiteFideId "13904108"]
[BlackFideId "6101488"]
[EventDate "2014.08.02"]

1. d4 Nf6 2. Nf3 g6 3. Nbd2 d5 4. e3 Bg7 5. b4 a5 6. b5 a4 7. Ba3 O-O 8. c4 Re8
9. Be2 Nbd7 10. O-O e5 11. Nxe5 Nxe5 12. dxe5 Rxe5 13. Nf3 Re8 14. Nd4 Ne4 15.
Rc1 dxc4 16. Bxc4 Nd6 17. Be2 Bd7 18. b6 c5 19. Rxc5 Ne4 20. Rc1 Qxb6 21. Bf3
Rad8 22. Rb1 Qa6 23. Bxe4 Rxe4 24. Nb5 Qa5 25. Nd6 Bc6 26. Qc2 Rh4 27. Bc5 Rxd6
28. Bxd6 Qd5 29. f4 Qxd6 30. Rfd1 Qe7 31. Qd2 Bf8 32. Qd4 Rg4 33. g3 h5 34. Kf2
h4 35. Rb2 Kh7 36. Rbd2 Bg7 37. Qc4 h3 38. Re2 1-0

[Event "41st Olympiad Women 2014"]
[Site "Tromso NOR"]
[Date "2014.08.04"]
[Round "3.26"]
[Board "4"]
[White "Alarcon, Pamela"]
[Black "Gitu, Paula-Alexandra"]
[Result "0-1"]
[WhiteElo "1906"]
[BlackElo "1815"]
[WhiteTeam "Nicaragua"]
[BlackTeam "Moldova"]
[WhiteFideId "6100694"]
[BlackFideId "13904620"]
[EventDate "2014.08.02"]

1. d4 d5 2. Nf3 Nf6 3. b3 Bf5 4. Bb2 e6 5. a3 h6 6. e3 Be7 7. Bd3 Bxd3 8. cxd3
Nbd7 9. Nbd2 c5 10. e4 dxe4 11. dxe4 cxd4 12. Nxd4 Nc5 13. O-O O-O 14. e5 Nd3
15. exf6 Bxf6 16. N2f3 Nxb2 17. Qd2 e5 18. Qxb2 e4 19. Rad1 exf3 20. gxf3 Qb6
21. Rd3 Rad8 22. Rfd1 Rd5 23. Qd2 Rfd8 24. Kh1 Rxd4 0-1

[Event "41st Olympiad Women 2014"]
[Site "Tromso NOR"]
[Date "2014.08.04"]
[Round "3.27"]
[Board "1"]
[White "Narva, Mai"]
[Black "Gjergji, Rozana"]
[Result "1-0"]
[WhiteTitle "WCM"]
[BlackTitle "WCM"]
[WhiteElo "2205"]
[BlackElo "1981"]
[WhiteTeam "Estonia"]
[BlackTeam "Albania"]
[WhiteFideId "4500512"]
[BlackFideId "4700147"]
[EventDate "2014.08.02"]

1. e4 e5 2. Nf3 Nc6 3. Bb5 a6 4. Ba4 d6 5. O-O Bd7 6. c3 Nf6 7. Re1 Be7 8. d4
O-O 9. h3 Re8 10. Bg5 exd4 11. Bxf6 Bxf6 12. cxd4 b5 13. Bc2 Nb4 14. Nc3 Nxc2
15. Qxc2 c6 16. e5 dxe5 17. dxe5 Be7 18. Ne4 Qb6 19. Neg5 g6 20. e6 fxe6 21.
Nxh7 Kxh7 22. Ne5 Rg8 23. Nxd7 Qc7 24. Ne5 c5 25. Ng4 Qc6 26. Re5 Rg7 27. Rae1
Ra7 28. Rxe6 Qd5 29. Rxe7 1-0

[Event "41st Olympiad Women 2014"]
[Site "Tromso NOR"]
[Date "2014.08.04"]
[Round "3.27"]
[Board "2"]
[White "Shabanaj, Eglantina"]
[Black "Tsiganova, Monika"]
[Result "0-1"]
[WhiteTitle "WCM"]
[BlackTitle "WIM"]
[WhiteElo "2033"]
[BlackElo "2094"]
[WhiteTeam "Albania"]
[BlackTeam "Estonia"]
[WhiteFideId "4700562"]
[BlackFideId "4500199"]
[EventDate "2014.08.02"]

1. e4 c6 2. d4 d5 3. Nc3 dxe4 4. Nxe4 Nd7 5. Nf3 Ngf6 6. Bd3 Nxe4 7. Bxe4 Nf6 8.
Bd3 Bg4 9. Be3 e6 10. O-O Be7 11. c4 O-O 12. h3 Bh5 13. g4 Bg6 14. Bxg6 hxg6 15.
Ne5 Qc8 16. Qf3 c5 17. Rad1 Qc7 18. h4 Rad8 19. Rfe1 cxd4 20. Bxd4 Bb4 21. Re3
Rxd4 22. Rxd4 Bc5 23. Qd1 Bxd4 24. Qxd4 Qa5 25. Ra3 Qe1+ 26. Kg2 a6 27. Rb3 b5
28. cxb5 axb5 29. Rxb5 Rc8 30. Rc5 Rxc5 31. Qxc5 Qe4+ 32. Kg3 Nd5 33. Qd6 Qf4+
34. Kh3 Qxf2 35. g5 Nf4+ 36. Kg4 Nh5 37. Nxg6 Qf5+ 0-1

[Event "41st Olympiad Women 2014"]
[Site "Tromso NOR"]
[Date "2014.08.04"]
[Round "3.27"]
[Board "3"]
[White "Narva, Triin"]
[Black "Tuzi, Bruna"]
[Result "1-0"]
[WhiteTitle "WCM"]
[BlackTitle "WCM"]
[WhiteElo "2068"]
[BlackElo "1759"]
[WhiteTeam "Estonia"]
[BlackTeam "Albania"]
[WhiteFideId "4502680"]
[BlackFideId "4701100"]
[EventDate "2014.08.02"]

1. e4 c5 2. Nf3 Nc6 3. Bb5 Nd4 4. Bc4 e6 5. Nc3 Ne7 6. Nxd4 cxd4 7. Ne2 Nc6 8.
d3 Be7 9. O-O O-O 10. f4 d6 11. Ng3 Na5 12. Bb3 Bd7 13. f5 Nxb3 14. axb3 Bg5 15.
Qg4 Bxc1 16. Raxc1 Qf6 17. Rce1 e5 18. Nh5 Qh6 19. Qe2 Rac8 20. g4 Qg5 21. Rf2
g6 22. Ng3 f6 23. Rg2 Qh4 24. Rf1 Qh6 25. Qe1 Bc6 26. Qa5 a6 27. Kh1 Qg7 28. Qb4
d5 29. fxg6 hxg6 30. Nf5 Qd7 31. Ne7+ Kg7 32. Nxc8 Rxc8 33. Re1 dxe4 34. dxe4
Qe6 35. Kg1 Bb5 36. Qd2 Rd8 37. Rg3 Qe7 38. Rh3 g5 39. Qf2 Bc6 40. Qf5 Rh8 41.
Rxh8 Kxh8 42. Qg6 Qg7 43. Qxg7+ Kxg7 44. Kf2 a5 45. Kf3 b5 46. Rc1 Kg6 47. c3
dxc3 48. Rxc3 Bd7 49. Rc5 Kf7 50. Rc7 Ke6 51. Ra7 a4 52. bxa4 bxa4 53. Ke3 Kd6
54. Rxd7+ Kxd7 55. Kd3 Kc6 56. Kc4 Kb6 57. Kb4 Kc6 58. Kxa4 Kc5 59. b4+ Kd4 60.
b5 Kxe4 61. b6 Kf3 62. b7 Kxg4 63. b8=Q Kf4 64. Qd6 f5 65. Qd2+ Ke4 1-0

[Event "41st Olympiad Women 2014"]
[Site "Tromso NOR"]
[Date "2014.08.04"]
[Round "3.27"]
[Board "4"]
[White "Shabanaj, Alda"]
[Black "Narva, Regina"]
[Result "1/2-1/2"]
[BlackTitle "WFM"]
[WhiteElo "1881"]
[BlackElo "1999"]
[WhiteTeam "Albania"]
[BlackTeam "Estonia"]
[WhiteFideId "4700597"]
[BlackFideId "4500237"]
[EventDate "2014.08.02"]

1. Nf3 d5 2. d4 Nf6 3. e3 e6 4. c4 c6 5. Nc3 Bd6 6. Qc2 Nbd7 7. Bd3 dxc4 8. Bxc4
e5 9. O-O O-O 10. Rd1 exd4 11. Rxd4 Nb6 12. b3 Nxc4 13. bxc4 Qc7 14. Ne4 Nxe4
15. Qxe4 Bc5 16. Rd1 Qe7 17. Qf4 Be6 18. Bb2 f6 19. h4 Rfd8 20. Qe4 Qf7 21.
Rxd8+ Rxd8 22. Rc1 Qd7 23. Nd4 Bxd4 24. Bxd4 b6 25. a3 c5 26. Bc3 Bf7 27. Qf4
Qd6 28. Qe4 Qd7 29. g4 Qe6 30. Qf4 Qd6 31. Qe4 Qe6 32. Qf4 Qd6 33. Qe4 Qe6 1/2-1/2

[Event "41st Olympiad Women 2014"]
[Site "Tromso NOR"]
[Date "2014.08.04"]
[Round "3.28"]
[Board "1"]
[White "Berezina, Irina"]
[Black "Lebel-Arias, Julia"]
[Result "1/2-1/2"]
[WhiteTitle "IM"]
[BlackTitle "WIM"]
[WhiteElo "2182"]
[BlackElo "1859"]
[WhiteTeam "Australia"]
[BlackTeam "Monaco"]
[WhiteFideId "3201937"]
[BlackFideId "602019"]
[EventDate "2014.08.02"]

1. d4 g6 2. g3 Bg7 3. Bg2 c6 4. c4 d6 5. Nf3 Nh6 6. Nc3 f6 7. O-O Nf7 8. e4 e5
9. b3 O-O 10. Bb2 Re8 11. Re1 a5 12. a3 Bg4 13. h3 Bd7 14. Qc2 Na6 15. Rad1 Qc7
16. Kh2 Rad8 17. Na4 b5 18. cxb5 cxb5 19. Qxc7 Nxc7 20. Nb6 Be6 21. d5 Bd7 22.
Rc1 Na6 23. Bf1 Nc5 24. Nxd7 Nxd7 25. Bxb5 Re7 26. Rc7 Bf8 27. Bc3 Nc5 28. Rxe7
Bxe7 29. Bxa5 Rb8 30. Bc4 Nxb3 31. Rb1 Ra8 32. Rxb3 Rxa5 33. Bb5 f5 34. Nd2 Bg5
35. Nc4 Ra7 36. exf5 gxf5 37. a4 f4 38. Kg2 e4 39. gxf4 Bxf4 40. a5 Ne5 41. Nxd6
Rg7+ 42. Kf1 Nf3 43. Rxf3 exf3 44. Nc4 Rb7 45. Nb6 Re7 46. Nc4 Re2 47. Ne3 Ra2
48. Ke1 Rxa5 49. Bc4 Bd6 50. Kd2 Ra3 51. Nf5 Bb4+ 52. Kd1 Rc3 53. Ne3 Kf8 54. d6
Bxd6 55. Bd5 Ra3 56. Bxf3 Ra1+ 57. Ke2 Ra2+ 58. Kf1 Bc5 59. Nd1 Rd2 60. Kg2 Bd4
61. Kg3 Ke7 62. Kf4 Bxf2 63. Nc3 Rd4+ 64. Ke5 Rd2 65. Ne4 Rb2 66. Bg4 Be3 67.
Nc3 Bg5 68. Kf5 h6 69. Kg6 Rb6+ 70. Kh5 Kf7 71. Bf5 Bd2 72. Ne4 Bc1 73. Kg4 Kg7
74. h4 Rb4 75. h5 Rb2 76. Bg6 Rg2+ 77. Kf5 Bg5 78. Ke6 Re2 79. Kf5 Rxe4 80. Kxe4 1/2-1/2

[Event "41st Olympiad Women 2014"]
[Site "Tromso NOR"]
[Date "2014.08.04"]
[Round "3.28"]
[Board "2"]
[White "Chung, Mathilde"]
[Black "Nguyen, Thu Giang"]
[Result "1/2-1/2"]
[WhiteTitle "WCM"]
[BlackTitle "WFM"]
[WhiteElo "1981"]
[BlackElo "2165"]
[WhiteTeam "Monaco"]
[BlackTeam "Australia"]
[WhiteFideId "676446"]
[BlackFideId "12400980"]
[EventDate "2014.08.02"]

1. d4 f5 2. c4 Nf6 3. Nc3 e6 4. g3 Bb4 5. Qb3 c5 6. Nf3 Ne4 7. a3 Bxc3+ 8. bxc3
Nc6 9. e3 Na5 10. Qc2 b6 11. Be2 Ba6 12. Ne5 O-O 13. f3 Nf6 14. O-O d6 15. Nd3
Bxc4 16. Rb1 Qc7 17. Nf4 Rfe8 18. Bxc4 Nxc4 19. Qa2 d5 20. Re1 Nd6 21. Nd3 Nf7
22. a4 Nd7 23. Ba3 Qc6 24. Qc2 Rac8 25. Qd1 e5 26. Rc1 Rcd8 27. Kf2 Nd6 28. Nb2
Nf6 29. Kg1 Rd7 30. Qd3 Rde7 31. Qd2 h6 32. a5 Nb5 33. Ra1 Nxa3 34. Rxa3 exd4
35. cxd4 c4 36. axb6 axb6 37. Na4 Ra7 38. Qb4 Rea8 39. Rea1 Nd7 40. Nc3 Rxa3 41.
Rxa3 Re8 42. Nb5 Re6 43. Kf2 Nf6 44. Ra7 Ne8 45. Ra6 Nc7 46. Nxc7 Qxc7 47. Ra8+
Kh7 48. Qf8 Kg6 49. h4 h5 50. Re8 Rf6 51. Qa3 c3 52. Re7 Qd8 1/2-1/2

[Event "41st Olympiad Women 2014"]
[Site "Tromso NOR"]
[Date "2014.08.04"]
[Round "3.28"]
[Board "3"]
[White "Guo, Emma"]
[Black "Levacic, Melissa"]
[Result "1-0"]
[WhiteTitle "WIM"]
[WhiteElo "2044"]
[BlackElo "1994"]
[WhiteTeam "Australia"]
[BlackTeam "Monaco"]
[WhiteFideId "3200795"]
[BlackFideId "633747"]
[EventDate "2014.08.02"]

1. d4 Nf6 2. Nf3 e6 3. c4 b6 4. g3 Ba6 5. b3 Bb4+ 6. Bd2 Be7 7. Nc3 c6 8. e4 d5
9. Qc2 dxe4 10. Nxe4 Nbd7 11. Bg2 Bb7 12. O-O Nxe4 13. Qxe4 Nf6 14. Qe2 c5 15.
Rad1 O-O 16. Bf4 cxd4 17. Rxd4 Qc8 18. Rfd1 Bc5 19. R4d3 Be4 20. R3d2 Qb7 21.
Bd6 Rfd8 22. Bxc5 Rxd2 23. Rxd2 bxc5 24. Qd1 Qc7 25. Ne1 Bxg2 26. Nxg2 h6 27.
Nf4 Qe5 28. Rd3 Re8 29. Qd2 Qa1+ 30. Kg2 Qe5 31. Qe2 Qf5 32. Rd6 e5 33. Nd5 Ne4
34. Rd8 Kf8 35. Rxe8+ Kxe8 36. g4 Qg6 37. f3 Nf6 38. Qxe5+ Kf8 39. Qd6+ 1-0

[Event "41st Olympiad Women 2014"]
[Site "Tromso NOR"]
[Date "2014.08.04"]
[Round "3.28"]
[Board "4"]
[White "Grillon, Charline"]
[Black "Yu, Sally"]
[Result "1-0"]
[WhiteElo "1734"]
[BlackElo "1953"]
[WhiteTeam "Monaco"]
[BlackTeam "Australia"]
[WhiteFideId "1301047"]
[BlackFideId "3206718"]
[EventDate "2014.08.02"]

1. d4 d5 2. c4 e6 3. Nf3 Nf6 4. Nc3 Nbd7 5. Bg5 Be7 6. e3 O-O 7. Bd3 a6 8. a4 b6
9. O-O Bb7 10. b3 c5 11. Re1 Ne4 12. Bxe7 Qxe7 13. Rc1 Rfd8 14. cxd5 exd5 15.
Qc2 Rac8 16. Qe2 Nb8 17. Nd2 Nxd2 18. Qxd2 c4 19. Bf5 Rc6 20. e4 Rh6 21. exd5
Qh4 22. h3 cxb3 23. Re4 Qf6 24. Rce1 Rf8 25. Re5 Qd8 26. Qb2 Rd6 27. Qxb3 g6 28.
Bg4 h5 29. Bf3 Nd7 30. Re7 Ba8 31. Qc4 Nf6 32. R7e5 Nd7 33. R5e2 Bb7 34. Ne4
Bxd5 35. Qxa6 Bxe4 36. Rxe4 Nf6 37. Re7 Rxd4 38. a5 bxa5 39. Qxf6 a4 40. R1e5
Rd6 41. Qf4 Ra6 42. Bd5 1-0

[Event "41st Olympiad Women 2014"]
[Site "Tromso NOR"]
[Date "2014.08.04"]
[Round "3.29"]
[Board "1"]
[White "Nasriddinzoda, Marvorii"]
[Black "Milovic, Aleksandra"]
[Result "0-1"]
[BlackTitle "WFM"]
[WhiteElo "2021"]
[BlackElo "2170"]
[WhiteTeam "Tajikistan"]
[BlackTeam "Montenegro"]
[WhiteFideId "14700395"]
[BlackFideId "933988"]
[EventDate "2014.08.02"]

1. e4 d5 2. d3 dxe4 3. dxe4 Qxd1+ 4. Kxd1 Nc6 5. c3 a6 6. f3 e5 7. Be3 Be6 8.
Nd2 O-O-O 9. Kc2 f5 10. Nh3 h6 11. Bc4 Rxd2+ 12. Bxd2 Bxc4 13. exf5 Bc5 14. b3
Bf7 15. Rae1 Nge7 16. g4 Bd5 17. Rhf1 h5 18. f6 gxf6 19. g5 f5 20. Be3 Bxe3 21.
Rxe3 f4 22. Ree1 Nf5 23. Kb2 Ne3 24. Rf2 Rg8 25. Ng1 Rxg5 26. c4 Be6 27. a3 h4
28. Kc3 Rg8 29. Rd2 Nd4 30. Rf2 c5 31. Kb2 Kc7 32. Ne2 Nxe2 33. Rfxe2 h3 34. Kc3
Bf7 35. Kd2 Bh5 36. Rf2 Rg2 37. Ree2 e4 38. fxe4 Bxe2 39. Kxe2 Kd6 40. Kf3 Ke5 0-1

[Event "41st Olympiad Women 2014"]
[Site "Tromso NOR"]
[Date "2014.08.04"]
[Round "3.29"]
[Board "2"]
[White "Blagojevic, Tijana"]
[Black "Antonova, Nadezhda"]
[Result "0-1"]
[BlackTitle "WFM"]
[WhiteElo "2095"]
[BlackElo "2004"]
[WhiteTeam "Montenegro"]
[BlackTeam "Tajikistan"]
[WhiteFideId "16500270"]
[BlackFideId "14700182"]
[EventDate "2014.08.02"]

1. e4 c5 2. Nf3 e6 3. d4 cxd4 4. Nxd4 Nf6 5. Nc3 d6 6. g4 e5 7. Bb5+ Bd7 8.
Bxd7+ Qxd7 9. Nf5 h5 10. Bg5 Nh7 11. Bd2 hxg4 12. Qxg4 g6 13. Ne3 Nc6 14. Qxd7+
Kxd7 15. O-O-O Nd4 16. h4 Nf6 17. Ng2 Bh6 18. Bxh6 Rxh6 19. f4 Rc8 20. Kb1 Ke6
21. Rhf1 b5 22. a3 a5 23. fxe5 dxe5 24. Nf4+ exf4 25. Rxd4 Ke5 26. Rd3 Rc5 27.
Rg1 Nxe4 28. Re1 f5 29. Rd8 Rxc3 30. bxc3 f3 31. a4 bxa4 32. c4 Rxh4 33. c5 f2
34. Rf1 Rg4 35. Kb2 Rg1 36. Rdd1 Rxf1 37. Rxf1 0-1

[Event "41st Olympiad Women 2014"]
[Site "Tromso NOR"]
[Date "2014.08.04"]
[Round "3.29"]
[Board "3"]
[White "Ilhom, Mootribai"]
[Black "Stojanovic, Marija R"]
[Result "1/2-1/2"]
[BlackTitle "WFM"]
[WhiteElo "1698"]
[BlackElo "2100"]
[WhiteTeam "Tajikistan"]
[BlackTeam "Montenegro"]
[WhiteFideId "14700204"]
[BlackFideId "931411"]
[EventDate "2014.08.02"]

1. e4 c5 2. Nf3 d6 3. d4 cxd4 4. Nxd4 Nf6 5. Nc3 a6 6. Bg5 e6 7. f4 Nbd7 8. Qf3
Qc7 9. g4 Be7 10. O-O-O h6 11. Bxf6 gxf6 12. h4 Nb6 13. g5 hxg5 14. hxg5 Rxh1
15. Qxh1 fxg5 16. Qh8+ Bf8 17. fxg5 Qc5 18. Qg8 Qe5 19. Nf3 Qf4+ 20. Nd2 Qe5 21.
Nf3 Qf4+ 22. Nd2 Qe5 23. Nf3 1/2-1/2

[Event "41st Olympiad Women 2014"]
[Site "Tromso NOR"]
[Date "2014.08.04"]
[Round "3.29"]
[Board "4"]
[White "Misovic, Sanja"]
[Black "Odinaeva, Saodat"]
[Result "0-1"]
[WhiteElo "1862"]
[BlackElo "1785"]
[WhiteTeam "Montenegro"]
[BlackTeam "Tajikistan"]
[WhiteFideId "900575"]
[BlackFideId "14700255"]
[EventDate "2014.08.02"]

1. d4 d5 2. c4 e6 3. Nc3 Nf6 4. Bg5 Be7 5. Nf3 h6 6. Bh4 O-O 7. e3 Nbd7 8. cxd5
exd5 9. Bd3 c5 10. dxc5 Nxc5 11. Be2 Be6 12. O-O a6 13. Nd4 Rc8 14. Rc1 Nce4 15.
f3 Nxc3 16. Rxc3 Rxc3 17. bxc3 Qc7 18. Qb3 Rc8 19. Rc1 Bd6 20. h3 Nd7 21. Be1
Nc5 22. Qb2 Qe7 23. Bf2 b5 24. Qb1 Na4 25. Nf5 Bxf5 26. Qxf5 Qe6 27. Qd3 Be5 28.
f4 Rxc3 29. Rxc3 Bxc3 30. Bf3 d4 31. exd4 Bb4 32. d5 Qd6 33. Qf5 Nb6 34. Bd4 Bc5
35. Bxc5 Qxc5+ 36. Kh2 Qd6 37. Qe5 Qxe5 38. fxe5 Nc4 39. e6 fxe6 40. dxe6 Kf8
41. Kg3 Ke7 42. Bb7 a5 43. Bc8 Nd6 44. Bd7 b4 45. Kf4 g5+ 46. Kg4 Ne4 47. Ba4
Nc5 48. Bc2 Nxe6 49. Kh5 Kf6 50. Kxh6 Nf4 51. Ba4 Nxg2 52. Kh5 Ne3 53. Bd7 Nd5
54. Kg4 Nc3 55. h4 gxh4 56. Kxh4 Nxa2 57. Ba4 Nc3 58. Bb3 a4 59. Bg8 b3 0-1

[Event "41st Olympiad Women 2014"]
[Site "Tromso NOR"]
[Date "2014.08.04"]
[Round "3.30"]
[Board "1"]
[White "Goossens, Hanne"]
[Black "Gamboa Alvarado, Olga Leticia"]
[Result "1-0"]
[WhiteTitle "WFM"]
[BlackTitle "WFM"]
[WhiteElo "2178"]
[BlackElo "1899"]
[WhiteTeam "Belgium"]
[BlackTeam "Costa Rica"]
[WhiteFideId "200468"]
[BlackFideId "6502270"]
[EventDate "2014.08.02"]

1. e4 d6 2. d4 Nf6 3. Nc3 g6 4. Bg5 Bg7 5. Qd2 c6 6. f4 O-O 7. Bd3 Qc7 8. Nf3
Bg4 9. O-O b5 10. a3 a6 11. Rae1 c5 12. dxc5 Qxc5+ 13. Kh1 Nc6 14. b4 Qa7 15.
Nd5 Be6 16. c4 Rac8 17. cxb5 axb5 18. Bxb5 Qb7 19. Qd3 Nxd5 1-0

[Event "41st Olympiad Women 2014"]
[Site "Tromso NOR"]
[Date "2014.08.04"]
[Round "3.30"]
[Board "2"]
[White "Rodriguez Arrieta, Maria Elena"]
[Black "Morozova, Iuliia"]
[Result "0-1"]
[WhiteTitle "WFM"]
[BlackTitle "WFM"]
[WhiteElo "1920"]
[BlackElo "2060"]
[WhiteTeam "Costa Rica"]
[BlackTeam "Belgium"]
[WhiteFideId "6502911"]
[BlackFideId "14104946"]
[EventDate "2014.08.02"]

1. e4 c5 2. Nf3 d6 3. d4 cxd4 4. Nxd4 Nf6 5. Nc3 g6 6. Be2 Bg7 7. Be3 O-O 8. O-O
Nc6 9. Qd2 Nxd4 10. Bxd4 Be6 11. f3 a6 12. a4 Rc8 13. a5 Bc4 14. Rfd1 Bxe2 15.
Qxe2 Nd7 16. Bxg7 Kxg7 17. Nd5 Ne5 18. Nb6 Rc5 19. b4 Rc3 20. f4 Nd7 21. Qd2 Rc6
22. Nd5 e6 23. Ne3 Qf6 24. e5 Qxf4 25. exd6 Ne5 26. Rf1 Qh4 27. Rad1 Rd8 28. Qe2
Rcxd6 29. Rxd6 Rxd6 30. Nf5+ exf5 31. Qxe5+ Qf6 32. Re1 Rc6 33. Qd5 Rxc2 34.
Qxb7 Qd4+ 35. Kh1 Re2 36. Rg1 Qc4 37. h3 Rb2 38. Rd1 Rxb4 39. Qe7 Qe4 40. Qd6
Rb2 41. Rg1 Rb3 42. Kh2 Qe6 43. Qd4+ Qf6 44. Qc4 Rb5 45. Qa2 Qe5+ 46. Kh1 Rxa5 0-1

[Event "41st Olympiad Women 2014"]
[Site "Tromso NOR"]
[Date "2014.08.04"]
[Round "3.30"]
[Board "3"]
[White "Barbier, Wiebke"]
[Black "Acevedo Mendez, Lisseth"]
[Result "0-1"]
[WhiteElo "1944"]
[BlackElo "1846"]
[WhiteTeam "Belgium"]
[BlackTeam "Costa Rica"]
[WhiteFideId "207977"]
[BlackFideId "6502938"]
[EventDate "2014.08.02"]

1. e4 e5 2. Nf3 Nc6 3. d3 Nf6 4. Be2 d5 5. Nbd2 Bc5 6. O-O O-O 7. c3 a5 8. b3
Re8 9. Bb2 Ba7 10. a3 h6 11. h3 dxe4 12. dxe4 Nh5 13. Re1 Nf4 14. Bf1 Qf6 15.
Nh2 Qg5 16. g4 Rd8 17. Nhf3 Qg6 18. Qc2 h5 19. Nh4 Qf6 20. Nf5 hxg4 21. hxg4 Qg5
22. Qd1 Rxd2 23. Qf3 Rxf2 24. Qxf2 Qxg4+ 0-1